LEADER 01143nam a2200277 a 4500 001 000000137707 003 CaOOAMICUS 005 20140312114235.0 008 140312s2012 enk u000 u eng r 020 $z9780521513883* 040 $aPUL$bita 082 04$a171.3 245 04$aThe reception of Aristotle's Ethics /$cedited by Jon Miller. 260 $aCambridge :$bCambridge University Press,$cİ2012. 300 $aviii, 310 p. ;$c23 cm. 504 $aBibliografia p. 289-306. 600 04$aAristoteles,$d384-322 a.C.$tEthica Nicomachea$xCommenti.$0(OLS)http://pul/subject/34874 700 1 $aMiller, Jon,$d1970-$0(OLS)http://pul/name/87367 850 $aPUL 852 $aPUL$W1$xSL Filosofia 3$y81$m171. 3 MILJO 2$j158737$qDDC 21$q $B158263$CPULBib$Z2$F158263 $H123674 $81 941 1 $a9 996 $6020$z9780521513883*$9(OLS)http://pul/number/154776 996 $6082$a171.3$9(OLS)http://pul/classification/2106 996 $6245$aThe reception of Aristotle's Ethics$9(OLS)http://pul/title/174368 996 $6260$aCambridge :$bCambridge University Press$9(OLS)http://pul/publisher/50125 LEADER 01723nam a2200385 a 4500 001 000000171623 003 CaOOAMICUS 005 20190320104746.0 008 190320s2019 it u000 u ita r 020 $a978-88-9317-896-9* 032 $aLibriCat 040 $aPUL$bita 082 04$a345.45 110 1 $aItalia.$0(OLS)http://pul/name/1188 245 10$aCodice penale e di procedura penale e leggi complementari /$ca cura di Luigi Alibrandi (per il codice penale) ; Piermaria Corso (per il codice di procedura penale) 250 $a53. ed. 260 $aPiacenza :$bLa Tribuna,$cİ2019. 300 $a2350 p.;$c19 cm 490 1 $aI codici vigenti 2019 500 $aComprende indici. 500 $aTesto su due colonne. 500 $aSulla coperta: Aggiornato con le nuove norme su corruzione e prescrizione del reato (L. 9/1/2019, n. 3). 630 04$aCodice penale$zItalia.$0(OLS)http://pul/subject/12325 650 4$aProcedura penale$zItalia.$0(OLS)http://pul/subject/12686 700 1 $aAlibrandi, Luigi.$0(OLS)http://pul/name/45474 700 1 $aCorso, Piermaria.$0(OLS)http://pul/name/35334 830 2$aI Codici vigenti 2019.$0(OLS)http://pul/title/212320 850 $aPUL 852 $aPUL$W1$xDP2 Diritto e Scienze Sociali 3$y110$m348. 45 COD 3.1.138$j195418$qDDC 21$B200279$CPULBib$Z2$F200279 $H132482 $82 941 1 $a9 996 $6020$a978-88-9317-896-9*$9(OLS)http://pul/number/165851 996 $6082$a345.45$9(OLS)http://pul/classification/371 996 $6245$aCodice penale e di procedura penale e leggi complementari$9(OLS)http://pul/title/178222 996 $6260$aPiacenza :$bLa Tribuna$9(OLS)http://pul/publisher/69734